A luneta âmbar (Record no. 111507)
[ view plain ]
| 000 -LÍDER | |
|---|---|
| campo de controle de tamanho fixo | 00490 a2200205 4500 |
| 001 - NÚMERO DE CONTROLE | |
| campo de controle | 111507 |
| 020 ## - ISBN - INTERNATIONAL STANDARD BOOK NUMBER | |
| ISBN - International Standard Book Number | 9788573028416 |
| 041 ## - CÓDIGO DE IDIOMA | |
| Código do idioma do texto/trilha sonora ou título diferente | por |
| 090 ## - NÚMERO DE CHAMADA LOCAL | |
| Número de chamada (OCLC) (R); Número de chamada, CALL (RLIN) (NR) | Year 8 [Fic] |
| 040 ## - FONTE DA CATALOGAÇÃO | |
| Instituição da catalogação original | BR-BrIDEA |
| Instituição que transcreveu o registro | BR-BrIDEA |
| 100 ## - ENTRADA PRINCIPAL--NOME PESSOAL | |
| Nome pessoal | Pullman, Philip |
| 250 ## - EDIÇÃO | |
| Edição | . ed. |
| 245 10 - TÍTULO | |
| Título | A luneta âmbar |
| Indicação de responsabilidade, etc. | Philip Pullman |
| 260 ## - PUBLICAÇÃO, DISTRIBUIÇÃO, ETC. | |
| Local de publicação, distribuição, etc. | [S.l.] |
| Nome do editor, distribuidor, etc. | Objetiva |
| Data da publicação, distribuição, etc. | 2019 |
| 300 ## - DESCRIÇÃO FÍSICA | |
| Extensão | 526 p. |
| 490 ## - TÍTULO DA SÉRIE | |
| Título da série | Fronteiras do universo |
| 830 ## - ENTRADA SECUNDÁRIA DE SÉRIE--TÍTULO UNIFORME | |
| Título uniforme | Fronteiras do universo |
| 856 ## - LOCALIZAÇÃO ELETRÔNICA E ACESSO | |
| Uniform Resource Identifier | <a href="00001d/00001ded.jpg">00001d/00001ded.jpg</a> |
| 942 ## - ELEMENTOS DE ENTRADA ADICIONADOS (KOHA) | |
| Tipo de material Koha | Livros |
| Situação do descarte | Situação das perdas | Fonte da classificação ou esquema de arquivamento na estante | Situação física | Não pode ser emprestado | Biblioteca de origem | Biblioteca atual | Data de aquisição | Total de empréstimos | Número de chamada completo | Código de barras | Data de último acesso | Data do preço efetivo | Tipo de material Koha |
|---|---|---|---|---|---|---|---|---|---|---|---|---|---|
| Classificação Decimal de Dewey | ECB - SUDOESTE | ECB - SUDOESTE | 18/03/2019 | Year 8 [Fic] | 00043168SSW | 23/01/2024 | 23/01/2024 | Livros | |||||
| Classificação Decimal de Dewey | Leonardo Da Vinci - Osasco | Leonardo Da Vinci - Osasco | 25/05/2026 | 823 P983L ex.1 | O020621 | 25/05/2026 | 25/05/2026 | Livros |